[Event "Moravia-Silesia Region-chT 2223"]
[Site "Czech Republic"]
[Date "2022.10.09"]
[Round "1"]
[White "Weczerek, Marek"]
[Black "Gibiec, Ernest"]
[Result "1/2-1/2"]
[WhiteElo "1957"]
[BlackElo "2131"]
[PlyCount "43"]
[EventDate "2022.10.09"]
[EventType "team-tourn"]
[EventRounds "11"]
[EventCountry "CZE"]
[SourceTitle "EXT 2024"]
[Source "ChessBase"]
[SourceDate "2023.10.10"]
[SourceVersion "1"]
[SourceVersionDate "2023.10.10"]
[SourceQuality "1"]
[WhiteTeam "Dolni Benesov II"]
[BlackTeam "Karvina"]
[WhiteTeamCountry "CZE"]
[BlackTeamCountry "CZE"]

1. c4 c6 2. Nc3 d5 3. d4 Nf6 4. Nf3 dxc4 5. a4 Bf5 6. e3 e6 7. Bxc4 Bb4 8. 0-0 Nbd7 9. h3 0-0 10. Qb3 Qe7 11. Nh4 a5 12. Nxf5 exf5 13. Qc2 g6 14. Bd2 Rfd8 15. Rad1 Nb6 16. Bb3 c5 17. Nb5 cxd4 18. Nxd4 Rac8 19. Bc3 Bxc3 20. bxc3 Ne4 21. Nb5 Nc5 22. Rxd8+ 1/2-1/2

[Event "CZE-chT2F 2122"]
[Site "Czech Republic"]
[Date "2021.11.21"]
[Round "3.6"]
[White "Weczerek, Marek"]
[Black "Cupek, Martin"]
[Result "0-1"]
[WhiteElo "1968"]
[BlackElo "2089"]
[PlyCount "71"]
[EventDate "2021.10.17"]
[EventType "team-tourn"]
[EventRounds "11"]
[EventCountry "CZE"]
[SourceTitle "EXT 2024"]
[Source "ChessBase"]
[SourceDate "2023.10.10"]
[SourceVersion "1"]
[SourceVersionDate "2023.10.10"]
[SourceQuality "1"]
[WhiteTeam "Dolni Benesov"]
[BlackTeam "Trinec II"]
[WhiteTeamCountry "CZE"]
[BlackTeamCountry "CZE"]

1. c4 d6 2. d4 e5 3. Nf3 Qe7 4. Nc3 c6 5. e4 g6 6. dxe5 dxe5 7. Be2 Nd7 8. 0-0 Nh6 9. h3 Bg7 10. a3 0-0 11. b4 f5 12. c5 f4 13. Bc4+ Nf7 14. Bb2 Bf6 15. Qd6 Qxd6 16. cxd6 Nb6 17. Bb3 Re8 18. Rfd1 Be6 19. d7 Re7 20. Bxe6 Rxe6 21. b5 Rd8 22. bxc6 bxc6 23. Rac1 Be7 24. Rc2 Rxd7 25. Rxd7 Nxd7 26. Na4 Nb6 27. Nc5 Bxc5 28. Rxc5 Na4 29. Rc2 Nxb2 30. Rxb2 Nd6 31. Rb4 Kg7 32. Ra4 Kf6 33. Rxa7 Nxe4 34. Rxh7 Rd6 35. Kf1 Rd1+ 36. Ke2 0-1

[Event "CZE-chT2F 1516"]
[Site "Czech Republic"]
[Date "2016.02.07"]
[Round "7.47"]
[White "Blumelova, Zdenka"]
[Black "Weczerek, Marek"]
[Result "0-1"]
[WhiteElo "1991"]
[BlackElo "2054"]
[PlyCount "110"]
[EventDate "2015.10.18"]
[EventType "team-tourn"]
[EventRounds "11"]
[EventCountry "CZE"]
[SourceTitle "EXT 2022"]
[Source "ChessBase"]
[SourceDate "2021.10.06"]
[SourceVersion "1"]
[SourceVersionDate "2021.10.06"]
[SourceQuality "1"]
[WhiteTeam "Kromeriz Slavia II"]
[BlackTeam "Benesov Dolni"]
[WhiteTeamCountry "CZE"]
[BlackTeamCountry "CZE"]

1. e4 e5 2. Nf3 Nc6 3. Bc4 Be7 4. 0-0 Nf6 5. d3 0-0 6. a3 d5 7. exd5 Nxd5 8. h3 Be6 9. Qe1 Bd6 10. Nbd2 Nf4 11. Bxe6 Nxe6 12. Nc4 Ned4 13. Nxd4 exd4 14. Nxd6 Qxd6 15. Bg5 h6 16. Bh4 f5 17. f3 Rae8 18. Qd2 Ne7 19. Bxe7 Rxe7 20. Rae1 Rfe8 21. Rxe7 Rxe7 22. Re1 Rxe1+ 23. Qxe1 b6 24. Kf2 Kf7 25. g3 c5 26. a4 f4 27. g4 Qe6 28. Qxe6+ Kxe6 29. h4 Kd5 30. Ke2 Kc6 31. Kd2 g5 32. hxg5 hxg5 33. b3 b5 34. Kc1 bxa4 35. bxa4 c4 36. Kb2 Kc5 37. a5 Kb4 38. a6 cxd3 39. cxd3 Ka4 40. Ka2 Kb4 41. Kb2 Ka4 42. Ka2 Kb5 43. Kb3 Kxa6 44. Kc4 Kb6 45. Kxd4 a5 46. Kd5 Kb5 47. Ke6 a4 48. Kf5 a3 49. Kxg5 a2 50. Kxf4 a1Q 51. g5 Kc5 52. Kf5 Kd6 53. f4 Qd4 54. g6 Ke7 55. Kg5 Qf6+ 0-1

[Event "CZE-chT2F 1516"]
[Site "Czech Republic"]
[Date "2015.12.06"]
[Round "4.58"]
[White "Gibiec, Ernest"]
[Black "Weczerek, Marek"]
[Result "1/2-1/2"]
[WhiteElo "2129"]
[BlackElo "2054"]
[PlyCount "54"]
[EventDate "2015.10.18"]
[EventType "team-tourn"]
[EventRounds "11"]
[EventCountry "CZE"]
[SourceTitle "EXT 2022"]
[Source "ChessBase"]
[SourceDate "2021.10.06"]
[SourceVersion "1"]
[SourceVersionDate "2021.10.06"]
[SourceQuality "1"]
[WhiteTeam "Cesky Tesin"]
[BlackTeam "Benesov Dolni"]
[WhiteTeamCountry "CZE"]
[BlackTeamCountry "CZE"]

1. d4 d5 2. c4 e6 3. Nc3 Be7 4. cxd5 exd5 5. Nf3 Nf6 6. Bg5 0-0 7. Qc2 c6 8. e3 Ne4 9. Bxe7 Qxe7 10. Nxe4 dxe4 11. Nd2 Re8 12. Bc4 Nd7 13. 0-0 Nf6 14. Rfc1 Ng4 15. h3 Nh6 16. b4 Nf5 17. Bf1 Nd6 18. Qc5 Be6 19. Nc4 Bxc4 20. Bxc4 a6 21. a4 Kf8 22. Be2 g6 23. Rc2 Rac8 24. Rac1 h5 25. d5 cxd5 26. Qxd5 Rxc2 27. Rxc2 Qe5 1/2-1/2

[Event "Moravia-Silesia Region-chT 0708"]
[Site "Czech Republic"]
[Date "2007.12.09"]
[Round "4.7"]
[White "Richter, Ivan"]
[Black "Weczerek, Marek"]
[Result "0-1"]
[WhiteElo "2024"]
[BlackElo "2078"]
[PlyCount "90"]
[EventDate "2007.10.28"]
[EventType "team-tourn"]
[EventRounds "11"]
[EventCountry "CZE"]
[SourceTitle "EXT 2024"]
[Source "ChessBase"]
[SourceDate "2023.10.10"]
[SourceVersion "1"]
[SourceVersionDate "2023.10.10"]
[SourceQuality "1"]

1. e4 c5 2. Nf3 Nc6 3. Bb5 Qc7 4. 0-0 Nf6 5. Re1 g6 6. c3 a6 7. Ba4 b5 8. Bc2 Bg7 9. d4 d6 10. dxc5 dxc5 11. Be3 c4 12. Nbd2 0-0 13. Nf1 Ng4 14. Qe2 Bb7 15. Rad1 Nxe3 16. Nxe3 e6 17. Bb1 Rfd8 18. Rxd8+ Rxd8 19. Rd1 h5 20. Nc2 Rxd1+ 21. Qxd1 Ne5 22. Ncd4 Nxf3+ 23. Nxf3 Qf4 24. Qd2 Qxd2 25. Nxd2 Bh6 26. Nf1 Bc1 27. b3 cxb3 28. axb3 a5 29. Ng3 Bb2 30. Ne2 a4 31. bxa4 bxa4 32. c4 a3 33. f3 f5 34. exf5 exf5 35. Kf2 Kf7 36. Ke3 Kf6 37. Ba2 g5 38. h3 h4 39. Kd3 g4 40. Ke3 Ke5 41. f4+ Kd6 42. hxg4 fxg4 43. Kf2 Kc5 44. f5 Be4 45. Ke3 Bxf5 0-1

[Event "CZE-chT2f 0506"]
[Site "Czech Republic"]
[Date "2006.02.26"]
[Round "8.8"]
[White "Weczerek, Marek"]
[Black "Podlesny, Petr"]
[Result "1-0"]
[WhiteElo "2072"]
[BlackElo "1973"]
[PlyCount "111"]
[EventDate "2005.10.16"]
[EventType "team"]
[EventRounds "11"]
[EventCountry "CZE"]
[SourceTitle "EXT 2009"]
[Source "ChessBase"]
[SourceDate "2008.11.26"]
[SourceVersion "1"]
[SourceVersionDate "2008.11.26"]
[SourceQuality "1"]

1. e4 Nf6 2. e5 Nd5 3. d4 d6 4. Nf3 Bf5 5. Bd3 e6 6. Bxf5 exf5 7. Qd3 Qd7 8. 0-0 Be7 9. c4 Nb4 10. Qc3 d5 11. c5 a5 12. a3 N4c6 13. Qb3 a4 14. Qxb7 Ra7 15. Qb5 0-0 16. Nc3 Na6 17. Nxa4 Rb8 18. Qd3 Na5 19. Nc3 Nb3 20. Rb1 c6 21. Re1 Nc7 22. Bg5 Bf8 23. Bf4 Rbb7 24. Ne2 Rb5 25. Bd2 Rb8 26. Ng3 g6 27. Ne2 Ne6 28. Bb4 Na5 29. Bxa5 Rxa5 30. Qd2 Ra7 31. Ra1 Rba8 32. Nc3 Be7 33. Reb1 g5 34. h3 Kg7 35. Nh2 h5 36. f3 Ra5 37. a4 g4 38. fxg4 hxg4 39. hxg4 Bg5 40. Qf2 f4 41. Nf3 Be7 42. b4 R5a7 43. Qc2 Rh8 44. Qf5 Qb7 45. Ne2 Rha8 46. a5 Qb5 47. Nxf4 Nf8 48. Nh5+ Kg8 49. Ng5 Bd8 50. Ra2 Qc4 51. Rf2 Qxd4 52. Rbf1 Qe3 53. Nf6+ Kg7 54. Ne6+ fxe6 55. Ne8+ Kh6 56. Qh5# 1-0

[Event "CZE-chT2f 0506"]
[Site "Czech Republic"]
[Date "2006.02.12"]
[Round "7.8"]
[White "Schuster, Vit"]
[Black "Weczerek, Marek"]
[Result "1-0"]
[WhiteElo "1984"]
[BlackElo "2072"]
[PlyCount "65"]
[EventDate "2005.10.16"]
[EventType "team"]
[EventRounds "11"]
[EventCountry "CZE"]
[SourceTitle "EXT 2009"]
[Source "ChessBase"]
[SourceDate "2008.11.26"]
[SourceVersion "1"]
[SourceVersionDate "2008.11.26"]
[SourceQuality "1"]

1. e4 e5 2. Nf3 Nc6 3. Bc4 Bc5 4. c3 Nf6 5. d4 exd4 6. cxd4 Bb4+ 7. Nc3 Nxe4 8. 0-0 Bxc3 9. d5 Ne5 10. bxc3 Nxc4 11. Re1 Ncd6 12. Ng5 f5 13. Nxe4 fxe4 14. Qh5+ Kf8 15. Ba3 g6 16. Bxd6+ cxd6 17. Qh6+ Kg8 18. Rxe4 b6 19. Rae1 Bb7 20. Re7 Qf8 21. Qh4 Bxd5 22. Rxd7 Bf7 23. Rd1 Re8 24. h3 d5 25. c4 h5 26. cxd5 Rh7 27. Rc1 Rc8 28. Rxc8 Qxc8 29. Rd8+ Qxd8 30. Qxd8+ Kg7 31. d6 Bd5 32. Qe7+ Kg8 33. Qxh7+ 1-0